| 000 | 01119nam a22002535i 4500 | ||
|---|---|---|---|
| 001 | 167470 | ||
| 003 | ES-MaACL | ||
| 005 | 20250817210122.0 | ||
| 008 | 990412s1864 sp |||| | spa d | ||
| 080 | _a821.133.1Renan, Ernest1.07 | ||
| 080 | _a212 | ||
| 100 | 1 |
_aVidart, Luis, _d1833-1897 _eaut _9114538 |
|
| 245 | 1 | 3 |
_aEl panteísmo germano-francés : _bapuntes críticos sobre las doctrinas filosóficas de Mr. Ernesto Renán / _cpor D. Luis Vidart. |
| 260 |
_aMadrid : _b[s.n.], _c1864 _f(Est. Tip. de T. Fortanet) |
||
| 300 |
_a43 páginas ; _c23 cm. |
||
| 530 | _aDisponible en formato digital | ||
| 600 | 1 | 4 |
_aRenan, Ernest, _d1823-1892- _xCrítica e interpretación _996169 |
| 650 | 4 |
_aPanteísmo. _9156326 |
|
| 852 | 4 |
_aES-MaACL _cDEPOF _gDedicatoria autógrafa del autor _hDonativo de Luis Vidart _jT-83-F-8 _xEnc. en un vol. facticio _xHolandesa, falto de enc. original |
|
| 856 | 4 |
_uhttp://bdh-rd.bne.es/viewer.vm?id=0000109997&page=1 _yVersión en línea _z(Biblioteca Digital Hispánica) |
|
| 942 |
_2udc _cFOLLETOS _n0 |
||
| 999 |
_c167470 _d167470 |
||